000 00370 a2200157 4500
001 149402
040 _cEscola São Tomás de Aquino
100 _aMURRAY, Roseana
240 1 0 _aRecados do corpo e da alma
_lpor
245 1 0 _aRecados do corpo e da alma
300 _a47
362 0 _a2003
440 1 _aFTD
697 _a*LITERATURA INFANTO JUVENIL
942 _cBK
999 _c149402
_d149402